Violencia familiar : aspectos prácticos /
Guardado en:
| Autor Principal: | |
|---|---|
| Otros Autores: | |
| Formato: | Libro |
| Idioma: | Spanish |
| Publicado: |
Buenos Aires :
Hammurabi,
2013
|
| Edición: | 1a. ed. |
| Materias: | |
| Etiquetas: |
Agregar Etiqueta
Sin Etiquetas, Sea el primero en etiquetar este registro!
|
| LEADER | 00763nam a22001695a 4500 | ||
|---|---|---|---|
| 001 | DER.der012504 | ||
| 008 | 180615s2013####ag#||||||||||||||#||spa|| | ||
| 005 | 20251205154143.0 | ||
| 245 | 1 | 0 | |a Violencia familiar : |b aspectos prácticos / |c Silvina Bentivegna, Diego Oscar Ortiz. |
| 250 | |a 1a. ed. | ||
| 260 | |a Buenos Aires : |b Hammurabi, |c 2013 | ||
| 505 | 0 | |a Entrevista con el/la denunciante -- Medidas cautelares -- Audiencias -- Mediación -- Recursos procesales -- Jurisprudencia seleccionada -- Modelos de escritos -- Directorios de instituciones, organismos y centros de atención a las víctimas. | |
| 020 | |a 9789507415951 | ||
| 100 | 1 | |a Bentivegna, Silvina | |
| 700 | 1 | |a Ortiz, Diego Oscar | |
| 650 | 7 | |a DERECHO DE FAMILIA | |
| 859 | |a DERECHO |b BIB. DERECHO |h 345.025 |i BEN |p 007331 | ||
